ბათუმის შოთა რუსთაველის სახელმწიფო უნივერსიტეტის ბიბლიოთეკა

კოლხეთის ცისკარი (ბიბ.ჩანაწერი № 42516)

000 -LEADER
fixed length control field 00851nam a2200229Ia 4500
001 - CONTROL NUMBER
control field 9213
003 - CONTROL NUMBER IDENTIFIER
control field GE_BSU
008 - FIXED-LENGTH DATA ELEMENTS--GENERAL INFORMATION
fixed length control field 181216s||||||||xx |||||||||||||| ||und||
040 ## - CATALOGING SOURCE
Transcribing agency GE_BSU
080 ## - UNIVERSAL DECIMAL CLASSIFICATION NUMBER
Universal Decimal Classification number 821.353.1-31+821.353.1-32
100 ## - MAIN ENTRY--PERSONAL NAME
Personal name ლორთქიფანიძე,კონსტანტინე
245 ## - TITLE STATEMENT
Title კოლხეთის ცისკარი
245 ## - TITLE STATEMENT
Remainder of title რომანი:მოთხრობები
245 ## - TITLE STATEMENT
Statement of responsibility, etc. რედ:ი.მოსიაშვილი;მხატვ:გ.როინიშვილი
260 ## - PUBLICATION, DISTRIBUTION, ETC.
Place of publication, distribution, etc. თბილისი.
260 ## - PUBLICATION, DISTRIBUTION, ETC.
Name of publisher, distributor, etc. სახელგამი
260 ## - PUBLICATION, DISTRIBUTION, ETC.
Date of publication, distribution, etc. 1952
300 ## - PHYSICAL DESCRIPTION
Extent 530გვ;1ფ.პორტრეტ.21სმ
653 ## - INDEX TERM--UNCONTROLLED
Uncontrolled term კოლხეთის ცისკარი
653 ## - INDEX TERM--UNCONTROLLED
Uncontrolled term რომანი:მოთხრობები
942 ## - ADDED ENTRY ELEMENTS (KOHA)
Koha item type წიგნი
ეგზემპლარები
Withdrawn status Lost status Damaged status Not for loan Date acquired Barcode Date last seen Price effective from Koha item type
        2018-12-17 32092 2018-12-17 2018-12-17 წიგნი
        2018-12-17 32093 2018-12-17 2018-12-17 წიგნი